000 00522nam a22001697a 4500
003 PILC
005 20160307094453.0
008 160307b xxu||||| |||| 00| 0 eng d
050 _aHG 4623
_b.B877 2015
100 _aBrown, Keith C.
245 _aCapital markets /
_cKeith C. Brown, Herbert B. Mayo.
260 _aAndover :
_bCengage Learning,
_c2015.
300 _a288 pages ;
_billustrations ;
_c26 cm.
500 _aIncludes bibliographical references and index.
650 _aCapital market.
942 _2lcc
_cBK
_kFIL
999 _c291459
_d291459